[Event "AUTO-ADV-4471"]
[Site "http://www.queenalice.com/game.php?id=1645633"]
[Date "2021.3.4"]
[Round "1"]
[White "Canaye"]
[Black "renard77"]
[Result "0-1"]
[WhiteElo "1898"]
[BlackElo "1860"]

1. d4 d5 2. c4 Nf6 3. Nc3 e6 4. cxd5 Nxd5 5. e4 Nxc3 6. bxc3 Be7 7. Bd3 O-O 8.
Ne2 Nc6 9. O-O a6 10. Qc2 h6 11. f4 Bd7 12. Ng3 Bh4 13. Ne2 f5 14. e5 Qe8 15.
Rf3 Qg6 16. Rh3 Be7 17. Ng3 Rf7 18. Nh5 Kh8 19. Bd2 Raf8 20. Be2 Nd8 21. Rg3 Qh7
22. Rh3 g6 23. Ng3 Bc6 24. Nf1 Rg7 25. g4 Be4 26. Qd1 fxg4 27. Bxg4 h5 28. Ng3
Bf5 29. Nxh5 gxh5 30. Kh1 Bxg4 31. Rg3 Bxd1 32. Rxg7 Qxg7 33. Rxd1 Qg4 34. Rg1
Qf3+ 35. Rg2 Rg8 0-1

[Event "AUTO-ADV-4471"]
[Site "http://www.queenalice.com/game.php?id=1645634"]
[Date "2021.3.4"]
[Round "1"]
[White "renard77"]
[Black "malu15"]
[Result "0-1"]
[WhiteElo "1881"]
[BlackElo "1714"]

1. d4 Nf6 2. Nc3 d5 3. Nf3 e6 4. e3 Bb4 5. Bd2 O-O 6. a3 Be7 7. Be2 c5 8. O-O
cxd4 9. exd4 Nc6 10. Bd3 Re8 11. Bb5 Bd7 12. Bd3 Bd6 13. h3 Qc7 14. Ne2 e5 15.
dxe5 Nxe5 16. Ng3 d4 17. Nxd4 Nxd3 18. cxd3 Bxg3 19. fxg3 Qxg3 20. Rf3 Qe5 21.
Bc3 Rac8 22. Nf5 Qc5+ 23. Kh1 Bxf5 24. Rg3 Rcd8 25. Bxf6 Rxd3 26. Rxg7+ Kf8 27.
Qf1 Bg6 28. Rxg6 Rxh3+ 29. gxh3 hxg6 30. Bc3 Qc6+ 31. Qg2 Qc7 32. Rg1 b5 33. Qg5
Qc6+ 34. Rg2 Qe6 35. Qh6+ Ke7 36. Qd2 Qxh3+ 37. Rh2 Qf1# 0-1

[Event "AUTO-ADV-4471"]
[Site "http://www.queenalice.com/game.php?id=1645635"]
[Date "2021.3.4"]
[Round "1"]
[White "malu15"]
[Black "renard77"]
[Result "1-0"]
[WhiteElo "1764"]
[BlackElo "1868"]

1. e4 e5 2. d4 Nc6 3. d5 Nce7 4. Nf3 d6 5. c4 Nf6 6. Nc3 Ng6 7. Bg5 h6 8. Bxf6
Qxf6 9. Be2 Be7 10. Nb5 Bd8 11. O-O a6 12. Nc3 O-O 13. Re1 Nf4 14. b4 Qg6 15. g3
Nh3+ 16. Kg2 Nf4+ 17. Kg1 Nh3+ 18. Kg2 Ng5 19. Kh1 Bg4 20. Nh4 Bxe2 21. Qxe2 Qf6
22. Nf5 b6 23. a4 Qg6 24. h4 Nh7 25. Qf3 Qf6 26. Kg2 Kh8 27. Rh1 Qg6 28. g4 f6
29. a5 Rg8 30. Rag1 Qe8 31. Rh3 b5 32. cxb5 axb5 33. Kh2 c6 34. Nxd6 Qd7 35. Nf5
Be7 36. d6 Bxd6 37. Rd1 Qc7 38. Rxd6 Rad8 39. Re6 Rd4 40. Re7 Qd8 41. a6 Rxb4
42. a7 Rd4 43. Na2 Nf8 44. Qg2 Ng6 45. Ra3 Qa8 46. Nxd4 exd4 47. Rc7 Nf4 48. Qg3
Ne2 49. Qd6 Rc8 50. Qxc6 1-0

[Event "AUTO-ADV-4471"]
[Site "http://www.queenalice.com/game.php?id=1645636"]
[Date "2021.3.4"]
[Round "1"]
[White "renard77"]
[Black "SGF"]
[Result "1-0"]
[WhiteElo "1877"]
[BlackElo "1710"]

1. d4 e6 2. e4 Qf6 3. Nf3 d5 4. e5 Qf5 5. Bd3 Qg4 6. O-O h5 7. h3 f5 8. hxg4
hxg4 9. Ng5 g6 10. Nc3 c6 11. f4 Bd7 12. Ne2 c5 13. c3 c4 14. Bc2 b5 15. g3 Nc6
16. b3 a5 17. bxc4 bxc4 18. Kg2 Be7 19. Rh1 Rxh1 20. Qxh1 O-O-O 21. Ba4 Bxg5 22.
fxg5 Nce7 23. Bxd7+ Rxd7 24. Qd1 Nc6 25. Ba3 Nge7 26. Bxe7 Rxe7 27. Nf4 Kd7 28.
Nxg6 Rg7 29. Nf4 Rxg5 30. Qb1 Kc7 31. Nxe6+ Kd7 32. Nxg5 Ne7 33. Qb7+ Ke8 34.
Qb8+ Kd7 35. e6+ Kc6 36. Qe8+ Kd6 37. Qd7# 1-0

[Event "AUTO-ADV-4471"]
[Site "http://www.queenalice.com/game.php?id=1645637"]
[Date "2021.3.4"]
[Round "1"]
[White "SGF"]
[Black "renard77"]
[Result "0-1"]
[WhiteElo "1650"]
[BlackElo "1860"]

1. e4 e5 2. Qf3 d6 3. d3 Nf6 4. Be2 Be7 5. Qg3 O-O 6. Bh6 g6 7. Bxf8 Qxf8 8. h4
Qg7 9. h5 Nc6 10. hxg6 fxg6 11. c3 Bd7 12. Nd2 Rf8 13. O-O-O Kh8 14. b4 a6 15.
a4 b5 16. a5 Nd8 17. c4 c6 18. Nh3 Ne6 19. Ng5 Nxg5 20. Rh4 Nf7 21. Rdh1 Nh5 22.
Bxh5 gxh5 23. Qxg7+ Kxg7 24. Rxh5 Rh8 25. f3 h6 26. g4 Bg5 27. cxb5 cxb5 28. Kc2
Rc8+ 29. Kd1 Rc3 30. Ke2 Rc2 31. Rd1 Bxd2 32. Rxd2 Rc3 33. Rb2 Ng5 34. Ke3 Rc1
35. f4 exf4+ 36. Kxf4 Rf1+ 37. Ke3 Rf3+ 38. Kd4 Bxg4 39. Rh4 h5 40. Rc2 Ne6+ 41.
Kd5 Rxd3+ 42. Kc6 Nd4+ 43. Kb6 Nxc2 44. Kxa6 Nxb4+ 45. Kxb5 Nc2 46. a6 Ra3 47.
Kb6 Nd4 48. a7 Bd7 49. Kb7 Bc6+ 50. Kb8 Rb3+ 51. Kc7 Rb7+ 52. Kxd6 Rxa7 53. e5
Nf5+ 54. Kxc6 Nxh4 55. e6 Nf5 56. Kd5 Kf6 57. e7 Nxe7+ 58. Ke4 Ra4+ 59. Kf3 Kf5
60. Kg3 h4+ 61. Kh3 Ra3+ 62. Kxh4 Ng6+ 63. Kh5 Rh3# 0-1

[Event "AUTO-ADV-4497"]
[Site "http://www.queenalice.com/game.php?id=1759249"]
[Date "2021.5.12"]
[Round "1"]
[White "Becket"]
[Black "renard77"]
[Result "0-1"]
[WhiteElo "1837"]
[BlackElo "1834"]

1. d4 d5 2. e3 e6 3. Nf3 Bd6 4. c4 c6 5. cxd5 cxd5 6. Bb5+ Bd7 7. Bxd7+ Nxd7 8.
O-O Ngf6 9. Nc3 O-O 10. a3 h6 11. Rb1 Nh7 12. Bd2 Ndf6 13. Qb3 b6 14. Nb5 Ne4
15. Nxd6 Qxd6 16. Bb4 Qb8 17. Bxf8 Qxf8 18. Qd1 Rc8 19. Nd2 Nhg5 20. Nxe4 Nxe4
21. Rc1 Rb8 22. Rc7 a5 23. Qc2 b5 24. Rc1 b4 25. Rc8 Rxc8 26. Qxc8 Nd6 27. Qxf8+
Kxf8 28. axb4 axb4 29. b3 Nb5 30. Rc8+ Ke7 31. Rb8 Nc3 32. Rxb4 Kf6 33. Rb7 Ne4
34. b4 Nd6 35. Ra7 g5 36. Ra1 Kf5 0-1

[Event "AUTO-ADV-4497"]
[Site "http://www.queenalice.com/game.php?id=1759250"]
[Date "2021.5.12"]
[Round "1"]
[White "renard77"]
[Black "Becket"]
[Result "0-1"]
[WhiteElo "1803"]
[BlackElo "1822"]

1. d4 d5 2. Nf3 e6 3. Nc3 Nf6 4. e3 c5 5. Bd3 cxd4 6. exd4 a6 7. O-O Be7 8. h3
O-O 9. Ne2 Nbd7 10. Ng3 Bd6 11. Bg5 Bxg3 12. fxg3 Qc7 13. Bf4 Qb6 14. b3 Re8 15.
c3 Nf8 16. Rb1 Ng6 17. Ng5 Nxf4 18. Rxf4 Qd8 19. Qf3 Qe7 20. Rh4 h6 21. Nh7 Nxh7
22. Bxh7+ Kxh7 23. Rf1 Rf8 24. Qd3+ f5 25. g4 Qxh4 26. gxf5 Rxf5 27. Rxf5 exf5
28. c4 dxc4 29. bxc4 Bd7 30. d5 Rc8 31. Kh2 Qxc4 32. Qd2 g5 33. d6 Qc5 34. h4 f4
35. hxg5 hxg5 0-1

[Event "AUTO-ADV-4497"]
[Site "http://www.queenalice.com/game.php?id=1759267"]
[Date "2021.5.12"]
[Round "1"]
[White "renard77"]
[Black "ootomm"]
[Result "1/2-1/2"]
[WhiteElo "1851"]
[BlackElo "1717"]

1. d4 d5 2. Nf3 Nc6 3. e3 Bg4 4. h3 Bxf3 5. Qxf3 e6 6. Bd3 Bb4+ 7. c3 Bd6 8. e4
Qd7 9. e5 Be7 10. O-O g5 11. Qh5 h6 12. f4 O-O-O 13. fxg5 f5 14. gxf6 Rf8 15.
fxe7 Rxf1+ 16. Bxf1 Ngxe7 17. Nd2 Nf5 18. Nf3 Qg7 19. Nh4 Ng3 20. Qd1 Rf8 21.
Bb5 a6 22. Bxc6 Rf1+ 23. Qxf1 Nxf1 24. Kxf1 bxc6 25. Nf3 Kb7 26. Be3 Qg6 27. Re1
Qc2 28. Bc1 Qd3+ 29. Kg1 Kb6 30. Kh1 a5 31. Kg1 c5 32. Kh1 cxd4 33. Nxd4 Qg6 34.
a3 c5 35. Nf3 Kb5 36. Kg1 h5 37. h4 Qg3 38. Rf1 Kc4 39. Nd2+ Kd3 40. Nf3 Ke2 41.
Re1+ Kd3 42. Rf1 d4 43. cxd4 cxd4 44. Kh1 Ke2 45. Kg1 a4 46. Nxd4+ Kd3 47. Nf3
Kc4 48. Kh1 Qg6 1/2-1/2

[Event "AUTO-ADV-4497"]
[Site "http://www.queenalice.com/game.php?id=1759268"]
[Date "2021.5.12"]
[Round "1"]
[White "ootomm"]
[Black "renard77"]
[Result "0-1"]
[WhiteElo "1755"]
[BlackElo "1838"]

1. e4 e5 2. Nf3 Nc6 3. Bb5 a6 4. Bxc6 dxc6 5. d4 exd4 6. Qxd4 Be6 7. Bg5 Nf6 8.
Qxd8+ Rxd8 9. Nc3 Be7 10. h3 h6 11. Bf4 Rc8 12. O-O-O O-O 13. Nd4 c5 14. Nxe6
fxe6 15. e5 Nd5 16. Bd2 Rxf2 17. g4 Re8 18. Rdf1 Ref8 19. Rxf2 Rxf2 20. Nxd5
exd5 21. Be3 Re2 22. Bf4 b5 23. Rh2 Rxh2 24. Bxh2 Kf7 25. Kd2 Ke6 26. Kd3 g5 27.
a3 a5 28. c3 Bf8 29. b4 cxb4 30. cxb4 axb4 31. axb4 Bxb4 32. Kd4 c5+ 33. Kd3 Ba5
0-1

[Event "AUTO-ADV-4497"]
[Site "http://www.queenalice.com/game.php?id=1759269"]
[Date "2021.5.12"]
[Round "1"]
[White "renard77"]
[Black "Vilnius"]
[Result "1-0"]
[WhiteElo "1788"]
[BlackElo "1982"]

1. e4 e5 2. Nc3 Bc5 3. d3 Nc6 4. Nf3 h6 5. Be2 Nf6 6. O-O d6 7. h3 Nd4 8. Nxd4
Bxd4 9. Nb5 Bb6 10. Nc3 Be6 11. Be3 Bxe3 12. fxe3 Qd7 13. Kh2 Ke7 14. Bf3 c6 15.
Ne2 g5 16. g4 h5 17. Kg3 hxg4 18. Bxg4 Nxg4 19. hxg4 Bxg4 20. Qe1 Rh3+ 21. Kg2
Rah8 22. Ng3 Rh2+ 23. Kg1 Rxc2 24. Rf2 Rxf2 25. Qxf2 1-0

[Event "AUTO-ADV-4497"]
[Site "http://www.queenalice.com/game.php?id=1759270"]
[Date "2021.5.12"]
[Round "1"]
[White "Vilnius"]
[Black "renard77"]
[Result "0-1"]
[WhiteElo "1958"]
[BlackElo "1812"]

1. e4 e5 2. Nf3 d6 3. Bc4 Be6 4. Bxe6 fxe6 5. O-O Nf6 6. Nc3 Be7 7. d3 O-O 8. h3
Nc6 9. Be3 d5 10. Bd2 d4 11. Ne2 Bd6 12. Ng3 Qe8 13. a3 Nh5 14. Ng5 Nf4 15. Qg4
Ne7 16. Bxf4 exf4 17. Nxe6 Rf7 18. Nh5 Ng6 19. Ng5 Re7 20. g3 h6 21. Nf3 Ne5 22.
Nxe5 Bxe5 23. gxf4 Bd6 24. e5 Bc5 0-1

[Event "Challenge"]
[Site "http://www.queenalice.com/game.php?id=1760460"]
[Date "2021.5.26"]
[Round "-"]
[White "Rafale2000"]
[Black "renard77"]
[Result "1-0"]
[WhiteElo "1982"]
[BlackElo "1812"]

1. e4 e5 2. Nf3 d6 3. d4 Nc6 4. dxe5 dxe5 5. Qxd8+ Kxd8 6. Bb5 Bd7 7. Nc3 f6 8.
O-O a6 9. Ba4 Bd6 10. a3 Nge7 11. Be3 b5 12. Bb3 Na5 13. Ba2 c5 14. Rad1 Kc7 15.
Nd5+ Kc6 16. Nxe7+ Bxe7 17. Bd5+ Kb6 18. Bxa8 Bc6 19. Bxc6 Nxc6 20. Rd7 Bd8 21.
b4 Be7 22. Rxe7 Nxe7 23. Bxc5+ 1-0

[Event "Challenge"]
[Site "http://www.queenalice.com/game.php?id=1760461"]
[Date "2021.5.26"]
[Round "-"]
[White "renard77"]
[Black "Rafale2000"]
[Result "0-1"]
[WhiteElo "1850"]
[BlackElo "1953"]

1. d4 Nf6 2. Nc3 d5 3. Nf3 e6 4. e3 c6 5. Bd3 Nbd7 6. O-O Bd6 7. h3 c5 8. Ne2 c4
9. Bxc4 dxc4 10. c3 O-O 11. Ng3 Re8 12. e4 Bxg3 13. fxg3 b5 14. e5 Nd5 15. Ng5
f6 16. exf6 N7xf6 17. Qc2 h6 18. Bf4 Nxf4 19. gxf4 hxg5 20. fxg5 Ne4 21. Qxe4
Rb8 22. Rf4 Bb7 23. Rh4 Bxe4 24. Rxe4 g6 25. Rae1 b4 26. d5 exd5 27. Rxe8+ Qxe8
28. Rxe8+ Rxe8 29. Kf2 bxc3 30. bxc3 d4 31. cxd4 a5 32. d5 a4 33. d6 Re6 34. d7
Rd6 35. d8=Q+ Rxd8 0-1

[Event "Challenge"]
[Site "http://www.queenalice.com/game.php?id=1770064"]
[Date "2021.9.16"]
[Round "-"]
[White "Rafale2000"]
[Black "renard77"]
[Result "1-0"]
[WhiteElo "2020"]
[BlackElo "1846"]

1. e4 e5 2. Nf3 Nc6 3. d4 d6 4. dxe5 Bg4 5. exd6 cxd6 6. Be2 Nf6 7. Nc3 Be7 8.
O-O O-O 9. Nd4 Bxe2 10. Ndxe2 Ne5 11. Be3 Nfg4 12. Bf4 Qb6 13. Nd5 Qd8 14. Nxe7+
Qxe7 15. h3 Nf6 16. f3 Nh5 17. Bh2 f5 18. exf5 Rad8 19. Ng3 Qg5 20. Nxh5 Qxh5
21. f4 Nc6 22. Qxh5 Rf6 23. Bg3 1-0

[Event "Challenge"]
[Site "http://www.queenalice.com/game.php?id=1770065"]
[Date "2021.9.16"]
[Round "-"]
[White "renard77"]
[Black "Rafale2000"]
[Result "1/2-1/2"]
[WhiteElo "1837"]
[BlackElo "2059"]

1. d4 Nf6 2. Nc3 d5 3. e3 Bf5 4. Bd3 Ne4 5. Nf3 e6 6. O-O Nd7 7. h3 Ndf6 8. Ne2
Bd6 9. Ne5 Nd7 10. f4 Nxe5 11. fxe5 Be7 12. c3 f6 13. Nf4 fxe5 14. dxe5 Ng3 15.
Rf3 Ne4 16. Rf1 O-O 17. Qb3 Bg5 18. Ne2 Nd2 19. Bxd2 Bxd3 20. Rxf8+ Qxf8 21. Nf4
Bxf4 22. exf4 b6 23. Qd1 Qf5 24. Be3 Rf8 25. Qf3 c5 26. Rd1 Qe4 27. Qg3 Qg6 28.
Qh4 Be4 29. Qf2 a5 30. Rd2 Rf5 31. Qh4 Qe8 32. g4 Rf8 33. Rf2 Qd8 34. g5 g6 35.
Qg3 d4 36. cxd4 cxd4 37. Rd2 d3 38. h4 Qc7 39. Qe1 Rc8 40. Kf2 b5 41. a3 b4 42.
axb4 axb4 43. Kg3 Kf7 44. Kf2 Qc1 45. Qxc1 Rxc1 46. Rxd3 Rb1 47. Rd2 Rh1 48. Kg3
1/2-1/2

[Event "AUTO-OPEN-4314"]
[Site "http://www.queenalice.com/game.php?id=1771759"]
[Date "2021.10.9"]
[Round "1"]
[White "renard77"]
[Black "Canaye"]
[Result "1/2-1/2"]
[WhiteElo "1831"]
[BlackElo "1884"]

1. d4 e6 2. e4 d5 3. e5 c5 4. Nc3 Nc6 5. Nf3 cxd4 6. Nxd4 Nxe5 7. Be2 Bb4 8. Bd2
Nf6 9. O-O O-O 10. a3 Bxc3 11. Bxc3 Qd7 12. Bb4 Re8 13. Bb5 Nc6 14. Nxc6 bxc6
15. Bd3 e5 16. f3 a5 17. Bd2 c5 18. c3 c4 19. Bc2 Bb7 20. Bg5 Qd6 21. Qe2 h6 22.
Bh4 Nd7 23. Rad1 Nc5 24. Bg3 Rad8 25. Qf2 Ne6 26. Bb1 Nc5 27. Qc2 Nd3 28. Bf2
Nxf2 29. Rxf2 g6 30. Qd2 Kg7 31. Qe3 Re6 32. Qa7 Ba6 33. Qe3 d4 34. cxd4 exd4
35. Qc1 Rc8 36. Be4 f5 37. Bb1 Rce8 38. Rfd2 d3 39. Qc3+ Kh7 40. Ba2 Re1+ 41.
Rxe1 Rxe1+ 42. Kf2 Qe6 43. Qd4 Re2+ 44. Rxe2 Qxe2+ 45. Kg3 Qe1+ 46. Kh3 d2 47.
Qd7+ Kg8 48. Qd8+ Kf7 49. Qd7+ Kf8 50. Qd8+ Kf7 51. Qd7+ Kf8 1/2-1/2

[Event "AUTO-OPEN-4314"]
[Site "http://www.queenalice.com/game.php?id=1771760"]
[Date "2021.10.9"]
[Round "1"]
[White "Canaye"]
[Black "renard77"]
[Result "1-0"]
[WhiteElo "1949"]
[BlackElo "1846"]

1. d4 d5 2. c4 Nf6 3. Nc3 e6 4. cxd5 exd5 5. h3 Bb4 6. Qc2 O-O 7. Bf4 Nc6 8. e3
Ne4 9. Bd3 Bxc3+ 10. bxc3 Bf5 11. Nf3 Ne7 12. Nh4 Be6 13. Bxe4 dxe4 14. g4 Ng6
15. Nxg6 fxg6 16. O-O Bd5 17. c4 Bf7 18. Rac1 Re8 19. Rfd1 c6 20. Qc3 Qh4 21.
Kg2 Be6 22. d5 cxd5 23. cxd5 Bd7 24. Bg3 Qf6 25. Qb3 Rf8 26. Rd2 Qf3+ 27. Kg1 h5
28. Rc7 Bc8 29. d6+ Kh7 30. d7 Bxd7 31. Rcxd7 Rac8 32. Qb2 hxg4 33. Qxg7# 1-0

[Event "AUTO-OPEN-4314"]
[Site "http://www.queenalice.com/game.php?id=1771761"]
[Date "2021.10.9"]
[Round "1"]
[White "renard77"]
[Black "CCapivara"]
[Result "0-1"]
[WhiteElo "1833"]
[BlackElo "2212"]

1. d4 d5 2. Nf3 Nf6 3. e3 Bg4 4. Be2 e6 5. h3 Bh5 6. O-O Bd6 7. Nc3 O-O 8. Nb5
Be7 9. Ne5 Bxe2 10. Qxe2 Nbd7 11. f4 a6 12. Nc3 c5 13. a3 Qc7 14. Qf3 b5 15. Bd2
b4 16. Ne2 bxa3 17. bxa3 cxd4 18. exd4 Qxc2 19. Bb4 Bxb4 20. axb4 Rfb8 21. Rac1
Qd2 22. Ng4 Nxg4 23. hxg4 Rxb4 24. Qc3 Rb2 25. Qxd2 Rxd2 26. Rf2 Nf6 27. Ng3
Rxf2 28. Kxf2 Nxg4+ 29. Kf3 Nf6 30. f5 a5 31. fxe6 fxe6 32. Ne2 a4 33. Ra1 a3
34. Nc3 Kf7 35. Nb5 a2 36. Nc3 Ne4 37. Rxa2 Rxa2 38. Nxa2 h5 39. Nc1 g5 40. Nd3
Kf6 41. Ne5 Nd2+ 42. Ke3 Nc4+ 43. Nxc4 dxc4 44. Kd2 Kf5 45. Kc3 h4 46. Kxc4 g4
47. Kd3 h3 0-1

[Event "AUTO-OPEN-4314"]
[Site "http://www.queenalice.com/game.php?id=1771762"]
[Date "2021.10.9"]
[Round "1"]
[White "CCapivara"]
[Black "renard77"]
[Result "1-0"]
[WhiteElo "2162"]
[BlackElo "1834"]

1. d4 d5 2. c4 Nf6 3. Nc3 e6 4. Bg5 Be7 5. cxd5 exd5 6. e3 O-O 7. Nf3 h6 8. Bh4
Ne4 9. Bxe7 Qxe7 10. Nxd5 Qd6 11. Nc3 Bf5 12. Bd3 Bg6 13. Bxe4 c6 14. Bxg6 fxg6
15. O-O Nd7 16. a3 Nf6 17. Ne5 Nd5 18. Qb3 Rf6 19. e4 Raf8 20. exd5 cxd5 21. Ne4
Qb6 22. Qxd5+ Kh7 23. Nxf6+ Rxf6 24. Nd7 Qd6 25. Nxf6+ Qxf6 26. Qe5 Qb6 27. h3
Qxb2 28. Rab1 Qxa3 29. Rxb7 1-0

[Event "AUTO-ADV-4497"]
[Site "http://www.queenalice.com/game.php?id=1775656"]
[Date "2021.11.26"]
[Round "2"]
[White "renard77"]
[Black "maurice91"]
[Result "1-0"]
[WhiteElo "1816"]
[BlackElo "1778"]

1. d4 d5 2. Nf3 Nf6 3. e3 e6 4. Bd3 c5 5. c3 Nc6 6. O-O Qb6 7. Nbd2 cxd4 8. exd4
Be7 9. Nb3 O-O 10. Qe2 a6 11. Bg5 Qc7 12. h3 Re8 13. Qc2 g6 14. Rae1 Kg7 15. Ne5
Nxe5 16. dxe5 Ng8 17. Bxe7 Qxe7 18. Nd4 Bd7 19. f4 Rac8 20. Qf2 b5 21. Qg3 Nh6
22. h4 Rg8 23. h5 Kh8 24. Qh3 Nf5 25. hxg6 fxg6 26. Bxf5 gxf5 27. Nf3 Rg4 28.
Ng5 Rg8 29. Re3 Qg7 30. Rg3 Rxg3 31. Qxg3 h6 32. Qh4 Qg6 33. Rf3 Kg7 34. Rg3 Kh8
35. Ne4 dxe4 36. Rxg6 Rxg6 37. Qd8+ 1-0

[Event "AUTO-ADV-4497"]
[Site "http://www.queenalice.com/game.php?id=1775657"]
[Date "2021.11.26"]
[Round "2"]
[White "maurice91"]
[Black "renard77"]
[Result "1-0"]
[WhiteElo "1779"]
[BlackElo "1830"]

1. d4 d5 2. c4 Nf6 3. cxd5 Nxd5 4. Nf3 e6 5. e4 Nb6 6. Nc3 Be7 7. Be3 O-O 8. Bd3
Nc6 9. O-O a6 10. Rc1 Bd7 11. a3 h6 12. b4 Nc8 13. Bb1 Bg5 14. Nxg5 hxg5 15. Qh5
N8e7 16. e5 Ng6 17. Bxg5 Nce7 18. Rfe1 Qe8 19. Re3 Nf5 20. Rh3 f6 21. exf6 Nf4
22. Qh7+ Kf7 23. Bxf4 Kxf6 24. Be5+ Kf7 25. g4 Rh8 26. Qxh8 Qxh8 27. Rxh8 Rxh8
28. gxf5 exf5 29. Nd5 c6 30. Nf4 Rh6 31. d5 cxd5 32. Nxd5 Ke6 33. Bf4 Rg6+ 34.
Kf1 Kxd5 35. Rd1+ Kc6 36. Rxd7 Kxd7 37. Bxf5+ Re6 38. Bxe6+ Kxe6 39. Ke2 Kd5 40.
Kd3 g6 41. a4 b5 42. a5 Ke6 43. Ke4 Kf6 44. h4 Ke6 45. f3 Kf6 46. Bg5+ Ke6 47.
f4 Kd6 48. f5 1-0

[Event "AUTO-ADV-4497"]
[Site "http://www.queenalice.com/game.php?id=1775658"]
[Date "2021.11.26"]
[Round "2"]
[White "renard77"]
[Black "BeatifulDevil56"]
[Result "0-1"]
[WhiteElo "1812"]
[BlackElo "1873"]

1. d4 d5 2. e3 Nf6 3. Nf3 Bg4 4. Be2 e6 5. h3 Bh5 6. O-O Ne4 7. c3 Bxf3 8. Bxf3
Qh4 9. Bxe4 Qxe4 10. Nd2 Qg6 11. Nf3 Bd6 12. Bd2 O-O 13. Qe2 a6 14. Qe1 Nd7 15.
Qe2 e5 0-1

[Event "AUTO-ADV-4497"]
[Site "http://www.queenalice.com/game.php?id=1775659"]
[Date "2021.11.26"]
[Round "2"]
[White "BeatifulDevil56"]
[Black "renard77"]
[Result "1-0"]
[WhiteElo "1926"]
[BlackElo "1798"]

1. Nf3 d5 2. d4 Nf6 3. e3 e6 4. c4 c6 5. c5 Be7 6. Bd3 h6 7. Nc3 O-O 8. O-O Bd7
9. e4 Nh7 10. e5 Bc8 11. Bxh7+ Kxh7 12. Qd3+ g6 13. Qe3 g5 14. h3 Qe8 15. h4 g4
16. Qxh6+ 1-0

[Event "AUTO-ADV-4497"]
[Site "http://www.queenalice.com/game.php?id=1775660"]
[Date "2021.11.26"]
[Round "2"]
[White "renard77"]
[Black "Artking"]
[Result "0-1"]
[WhiteElo "1831"]
[BlackElo "2019"]

1. d4 Nf6 2. Nc3 d6 3. e4 Nbd7 4. Bd3 c6 5. Nf3 e5 6. O-O Be7 7. Be3 O-O 8. h3
c5 9. dxc5 Nxc5 10. Ne2 Ncxe4 11. Ng3 Nxg3 12. fxg3 Bd7 13. Ng5 d5 14. Nf3 e4
15. Bxe4 dxe4 16. Nh2 Rc8 17. Qe2 Nd5 18. c3 Nxe3 19. Qxe3 Bc5 0-1

[Event "AUTO-ADV-4497"]
[Site "http://www.queenalice.com/game.php?id=1775661"]
[Date "2021.11.26"]
[Round "2"]
[White "Artking"]
[Black "renard77"]
[Result "1-0"]
[WhiteElo "2050"]
[BlackElo "1823"]

1. e4 e5 2. Nf3 Nc6 3. Bb5 d6 4. c3 Bd7 5. d3 Nf6 6. Nbd2 a6 7. Ba4 Be7 8. O-O
O-O 9. h3 Qc8 10. Kh2 Nh5 11. Re1 Nf4 12. Bc2 Bxh3 13. g3 Bg2 14. Ng1 Nh3 15.
Kxg2 Ng5 16. Ndf3 f5 17. Bxg5 f4 18. Bb3+ Kh8 19. Nh3 Bxg5 20. Nhxg5 h6 21. a4
hxg5 22. Rh1+ 1-0